[Event "ROM-chT Blitz"]
[Site "Sebes"]
[Date "2022.12.04"]
[Round "5.13"]
[White "Soltanici, Ruslan"]
[Black "Stanca, Adrian"]
[Result "1-0"]
[WhiteElo "2356"]
[BlackElo "2182"]
[PlyCount "63"]
[EventDate "2022.12.04"]
[EventType "team-swiss (blitz)"]
[EventRounds "8"]
[EventCountry "ROU"]
[SourceTitle "CBM 211 Extra"]
[Source "ChessBase"]
[SourceDate "2023.01.31"]
[SourceVersion "1"]
[SourceVersionDate "2023.01.31"]
[SourceQuality "1"]
[WhiteTeam "Techirghiol Victoria"]
[BlackTeam "Bucharest CSU"]
[WhiteTeamCountry "ROU"]
[BlackTeamCountry "ROU"]

1. e4 g6 2. d4 Bg7 3. Nc3 d6 4. Nf3 Nf6 5. Be2 0-0 6. 0-0 Nbd7 7. e5 Ne8 8. Bf4 c6 9. a4 a5 10. Bg3 d5 11. Qd2 Nc7 12. Bd3 Re8 13. h4 Na6 14. Rfe1 Nf8 15. h5 Nb4 16. h6 Bh8 17. Bf1 Bg4 18. Nh2 Bf5 19. Rac1 Qb6 20. Nd1 c5 21. c3 Nc6 22. Ne3 Be6 23. Nf3 cxd4 24. cxd4 Qb4 25. Bb5 Qxd2 26. Nxd2 Rec8 27. Nb3 Nd7 28. Bh4 Kf8 29. f4 Nb4 30. g4 Nb6 31. Nc5 Rab8 32. f5 1-0

[Event "ROM-chT Blitz"]
[Site "Sebes"]
[Date "2022.12.04"]
[Round "4.13"]
[White "Szabo, Gergely Andras"]
[Black "Soltanici, Ruslan"]
[Result "0-1"]
[WhiteElo "2514"]
[BlackElo "2356"]
[PlyCount "99"]
[EventDate "2022.12.04"]
[EventType "team-swiss (blitz)"]
[EventRounds "8"]
[EventCountry "ROU"]
[SourceTitle "CBM 211 Extra"]
[Source "ChessBase"]
[SourceDate "2023.01.31"]
[SourceVersion "1"]
[SourceVersionDate "2023.01.31"]
[SourceQuality "1"]
[WhiteTeam "Iasi Politehnica"]
[BlackTeam "Techirghiol Victoria"]
[WhiteTeamCountry "ROU"]
[BlackTeamCountry "ROU"]

1. e4 c5 2. Nf3 d6 3. d4 cxd4 4. Qxd4 Nc6 5. Bb5 Bd7 6. Bxc6 Bxc6 7. Nc3 h6 8. Be3 e5 9. Qd3 Nf6 10. 0-0-0 Qd7 11. Nd2 b5 12. Nd5 Bxd5 13. exd5 Be7 14. f3 Qb7 15. Ne4 Rc8 16. Kb1 a5 17. g4 Nxe4 18. Qxe4 Rc4 19. Qd3 Bg5 20. Bxg5 hxg5 21. Qf5 Qe7 22. b3 Rc5 23. Rd3 g6 24. Qe4 Kf8 25. Rd2 Kg7 26. Rf2 Qf6 27. Rd1 b4 28. Rd3 Rhc8 29. Qe3 Rc3 30. Rfd2 R3c5 31. Rf2 a4 32. bxa4 Ra8 33. Rb3 Rxa4 34. Rd2 Rca5 35. c3 bxc3 36. Rxc3 Rb4+ 37. Rb3 Rc4 38. Rc3 Rca4 39. Rb3 e4 40. Qc3 exf3 41. Qxf6+ Kxf6 42. Rxf3+ Kg7 43. Rdf2 Ra7 44. h3 Rd4 45. Kb2 Rxd5 46. Rc3 f5 47. gxf5 gxf5 48. Rc8 Rb7+ 49. Kc3 Ra5 50. Rd8 0-1

[Event "ROM-chT Rapid"]
[Site "Sebes"]
[Date "2022.12.03"]
[Round "5.5"]
[White "Soltanici, Ruslan"]
[Black "Miron, Lucian Costin"]
[Result "0-1"]
[WhiteElo "2356"]
[BlackElo "2510"]
[PlyCount "72"]
[EventDate "2022.12.03"]
[EventType "team-swiss (rapid)"]
[EventRounds "8"]
[EventCountry "ROU"]
[SourceTitle "CBM 211 Extra"]
[Source "ChessBase"]
[SourceDate "2023.01.31"]
[SourceVersion "1"]
[SourceVersionDate "2023.01.31"]
[SourceQuality "1"]
[WhiteTeam "Techirghiol Victoria"]
[BlackTeam "Timisoara Vest Univ"]
[WhiteTeamCountry "ROU"]
[BlackTeamCountry "ROU"]

1. e4 c5 2. Nf3 d6 3. d4 cxd4 4. Nxd4 Nf6 5. Nc3 a6 6. Be3 e5 7. Nb3 Be6 8. h3 Be7 9. Qf3 b5 10. 0-0-0 0-0 11. g4 b4 12. Nd5 Nxd5 13. exd5 Bc8 14. Bd3 a5 15. h4 Ba6 16. Kb1 Bxd3 17. cxd3 Nd7 18. Rc1 a4 19. Nd2 Ra5 20. g5 f5 21. gxf6 Nxf6 22. Rhg1 Rxd5 23. Nc4 Rb5 24. Bh6 Rf7 25. Qc6 Qb8 26. Ne3 Bf8 27. Bg5 a3 28. b3 Nh5 29. Qc4 Qb7 30. Qg4 Nf4 31. Nf5 Kh8 32. Bxf4 exf4 33. Nd4 Rc5 34. Ne6 Rxc1+ 35. Rxc1 Qd5 36. Nxf4 Qe5 0-1

[Event "Sebes Romanian Rapid op"]
[Site "Sebes"]
[Date "2022.12.02"]
[Round "1"]
[White "Soltanici, Ruslan"]
[Black "Popescu, Alexandru Mihai"]
[Result "1-0"]
[WhiteElo "2356"]
[BlackElo "1617"]
[PlyCount "43"]
[EventDate "2022.12.02"]
[EventType "swiss (rapid)"]
[EventRounds "8"]
[EventCountry "ROU"]
[SourceTitle "CBM 211 Extra"]
[Source "ChessBase"]
[SourceDate "2023.01.31"]
[SourceVersion "1"]
[SourceVersionDate "2023.01.31"]
[SourceQuality "1"]

1. e4 d5 2. exd5 Nf6 3. d4 Bg4 4. Be2 Bxe2 5. Qxe2 Qxd5 6. Nf3 Nc6 7. c4 Qf5 8. Nc3 e6 9. 0-0 0-0-0 10. Be3 Bd6 11. Rab1 Ng4 12. c5 Bf4 13. h3 Nf6 14. b4 Ne4 15. Rb3 Nxc3 16. Rxc3 Nxb4 17. Qb5 Nd5 18. Rb3 b6 19. Ra3 a5 20. cxb6 cxb6 21. Bxf4 Qxf4 22. Ne5 1-0

[Event "Braila GP RO Stage 5"]
[Site "Braila"]
[Date "2022.11.06"]
[Round "6"]
[White "Soltanici, Ruslan"]
[Black "Voiteanu, Christian Gabriel"]
[Result "1-0"]
[WhiteElo "2357"]
[BlackElo "2152"]
[PlyCount "49"]
[EventDate "2022.11.05"]
[EventType "swiss (rapid)"]
[EventRounds "10"]
[EventCountry "ROU"]
[SourceTitle "EXT 2024"]
[Source "ChessBase"]
[SourceDate "2023.10.10"]
[SourceVersion "1"]
[SourceVersionDate "2023.10.10"]
[SourceQuality "1"]

1. e4 e5 2. Nf3 Nf6 3. Nxe5 d6 4. Nf3 Nxe4 5. c4 Be7 6. Nc3 Nf6 7. d4 d5 8. h3 0-0 9. Bd3 b6 10. 0-0 Bb7 11. Re1 c5 12. Bg5 dxc4 13. Bxc4 cxd4 14. Nxd4 Bc5 15. Nf5 Qxd1 16. Raxd1 Nbd7 17. Nd6 Bc6 18. Re7 Bxd6 19. Rxd6 Rac8 20. Ba6 Rc7 21. Bxf6 gxf6 22. Kh2 Rd8 23. Bc4 Ba8 24. Bb5 Kf8 25. Rexd7 1-0

[Event "Braila GP RO Stage 5"]
[Site "Braila"]
[Date "2022.11.05"]
[Round "4"]
[White "Soltanici, Ruslan"]
[Black "Mocanu, Victor Valentin"]
[Result "1-0"]
[WhiteElo "2357"]
[BlackElo "2087"]
[PlyCount "119"]
[EventDate "2022.11.05"]
[EventType "swiss (rapid)"]
[EventRounds "10"]
[EventCountry "ROU"]
[SourceTitle "EXT 2024"]
[Source "ChessBase"]
[SourceDate "2023.10.10"]
[SourceVersion "1"]
[SourceVersionDate "2023.10.10"]
[SourceQuality "1"]

1. e4 g6 2. d4 Bg7 3. Nc3 d6 4. Nf3 a6 5. Bd3 Nd7 6. Ne2 e5 7. c3 h6 8. Ng3 Ne7 9. 0-0 c6 10. Re1 Qc7 11. a4 b6 12. b3 0-0 13. Ba3 Bb7 14. Bf1 Rad8 15. Qc2 Rfe8 16. Rad1 Nf8 17. Bb2 Ne6 18. b4 Kh7 19. Qb3 Ng8 20. b5 cxb5 21. axb5 a5 22. Bc4 Rc8 23. Bd5 Nf6 24. Bxb7 Qxb7 25. Ba3 Qc7 26. dxe5 dxe5 27. Bd6 Qxc3 28. Qxc3 Rxc3 29. Nxe5 Nc5 30. f3 Kg8 31. Ne2 Rc2 32. Nd4 Rb2 33. Nc4 Ra2 34. Nxb6 Ne6 35. Nc6 Nh5 36. Nd5 Rb2 37. Rb1 Rc2 38. Rec1 Ra2 39. b6 Nd4 40. b7 Ne2+ 41. Kf1 Nxc1 42. Rxc1 Rb2 43. b8Q Rexb8 44. Bxb8 a4 45. Bd6 Rb7 46. Rc4 Rb1+ 47. Ke2 Rb2+ 48. Ke3 Rxg2 49. Rxa4 Nf6 50. Nce7+ Kh7 51. Bg3 Nh5 52. Bd6 Rb2 53. Ra7 Nf6 54. Nxf6+ Bxf6 55. Nd5 Rb3+ 56. Ke2 Rb2+ 57. Kd3 Rb3+ 58. Kc4 Rxf3 59. Rxf7+ Kg8 60. Rxf6 1-0

[Event "ROM-chT"]
[Site "Oradea"]
[Date "2022.09.24"]
[Round "4.1"]
[White "Soltanici, Ruslan"]
[Black "Istratescu, Andrei"]
[Result "1/2-1/2"]
[WhiteElo "2333"]
[BlackElo "2408"]
[PlyCount "89"]
[EventDate "2022.09.21"]
[EventType "team-tourn"]
[EventRounds "9"]
[EventCountry "ROU"]
[SourceTitle "EXT 2024"]
[Source "ChessBase"]
[SourceDate "2023.10.10"]
[SourceVersion "1"]
[SourceVersionDate "2023.10.10"]
[SourceQuality "1"]
[WhiteTeam "Techirghiol Victoria"]
[BlackTeam "Baia Mare Municipiului"]
[WhiteTeamCountry "ROU"]
[BlackTeamCountry "ROU"]

1. e4 c6 2. d4 d5 3. exd5 cxd5 4. c4 Nf6 5. Nc3 Nc6 6. Nf3 Bg4 7. cxd5 Nxd5 8. Qb3 Bxf3 9. gxf3 e6 10. Qxb7 Nxd4 11. Bb5+ Nxb5 12. Qc6+ Ke7 13. Qxb5 Qd7 14. Nxd5+ Qxd5 15. Bg5+ f6 16. Qxd5 exd5 17. Be3 Ke6 18. 0-0-0 Bb4 19. Kb1 Rhd8 20. Rd3 Rd7 21. Rc1 Rad8 22. Rc6+ Kf7 23. a3 Bd6 24. Rxd5 Bxh2 25. Rh5 Be5 26. f4 Bd4 27. Rxh7 Bxe3 28. fxe3 Kg6 29. Rh3 Kf5 30. Rg3 g5 31. fxg5 fxg5 32. Rc5+ Rd5 33. e4+ Kxe4 34. Rxg5 Kd4 35. Rgxd5+ Rxd5 36. Rc7 a5 37. b3 Rh5 38. Rc4+ Kd3 39. a4 Rg5 40. Kb2 Rg2+ 41. Ka3 Rg5 42. Rh4 Kc3 43. Rc4+ Kd3 44. Rc8 Kd4 45. Rc4+ 1/2-1/2

[Event "TUR-chT 1st League"]
[Site "Konya"]
[Date "2022.08.28"]
[Round "9.7"]
[White "Ozsakallioglu, Akin"]
[Black "Soltanici, Ruslan"]
[Result "1/2-1/2"]
[WhiteElo "2100"]
[BlackElo "2336"]
[PlyCount "79"]
[EventDate "2022.08.22"]
[EventType "team-swiss"]
[EventRounds "9"]
[EventCountry "TUR"]
[SourceTitle "CBM 209 Extra"]
[Source "ChessBase"]
[SourceDate "2022.09.30"]
[SourceVersion "1"]
[SourceVersionDate "2022.09.30"]
[SourceQuality "1"]
[WhiteTeam "Dogru Hamle Genclik"]
[BlackTeam "Samandag Altin"]
[WhiteTeamCountry "TUR"]
[BlackTeamCountry "TUR"]

1. e4 c5 2. Nf3 d6 3. c4 Bg4 4. Be2 Nc6 5. h3 Bxf3 6. Bxf3 g6 7. 0-0 Bg7 8. Nc3 Nf6 9. g3 0-0 10. d3 Rb8 11. Be3 Nd7 12. Qd2 a6 13. Rac1 b5 14. b3 Re8 15. Bg2 e6 16. Ne2 Qa5 17. Qxa5 Nxa5 18. cxb5 axb5 19. d4 c4 20. Bd2 Ra8 21. Bxa5 Rxa5 22. bxc4 bxc4 23. Rxc4 Rxa2 24. Bf3 d5 25. exd5 Nb6 26. Rc6 Nxd5 27. Rfc1 Rd2 28. R6c2 Rxc2 29. Rxc2 Rd8 30. Bxd5 Rxd5 31. Rc8+ Bf8 32. Kg2 Kg7 33. Kf3 Be7 34. Ke3 Bf6 35. Rc7 Ra5 36. h4 Ra3+ 37. Ke4 Ra4 38. Ke3 h5 39. Rd7 Kf8 40. Ke4 1/2-1/2

[Event "TUR-chT 1st League"]
[Site "Konya"]
[Date "2022.08.26"]
[Round "7.5"]
[White "Ioannidis, Evgenios"]
[Black "Soltanici, Ruslan"]
[Result "1/2-1/2"]
[WhiteElo "2500"]
[BlackElo "2336"]
[PlyCount "69"]
[EventDate "2022.08.22"]
[EventType "team-swiss"]
[EventRounds "9"]
[EventCountry "TUR"]
[SourceTitle "CBM 209 Extra"]
[Source "ChessBase"]
[SourceDate "2022.09.30"]
[SourceVersion "1"]
[SourceVersionDate "2022.09.30"]
[SourceQuality "1"]
[WhiteTeam "Istanbul Teknik Uni"]
[BlackTeam "Samandag Altin"]
[WhiteTeamCountry "TUR"]
[BlackTeamCountry "TUR"]

1. d4 Nf6 2. c4 e6 3. Nf3 d5 4. Nc3 c5 5. cxd5 cxd4 6. Nxd4 Nxd5 7. Bd2 Be7 8. e4 Nb4 9. Bb5+ N8c6 10. Be3 0-0 11. Rc1 Nxd4 12. Bxd4 Bg5 13. Bc5 Bxc1 14. Qxc1 Nd3+ 15. Bxd3 Qxd3 16. Bxf8 Kxf8 17. Qd2 Qxd2+ 18. Kxd2 Bd7 19. Ke3 Ke7 20. Rd1 Bc6 21. f4 f6 22. h4 a5 23. Ne2 Rc8 24. Rc1 Bd7 25. Rxc8 Bxc8 26. Kd4 b6 27. Nc3 Bd7 28. g4 Kd6 29. e5+ fxe5+ 30. fxe5+ Ke7 31. Ne4 h6 32. Nd6 Kd8 33. g5 hxg5 34. hxg5 Bc6 35. a3 1/2-1/2

[Event "TUR-chT 1st League"]
[Site "Konya"]
[Date "2022.08.25"]
[Round "6.4"]
[White "Soltanici, Ruslan"]
[Black "Hasanzade, Toghrul Qasim Oglu"]
[Result "0-1"]
[WhiteElo "2336"]
[BlackElo "2290"]
[PlyCount "64"]
[EventDate "2022.08.22"]
[EventType "team-swiss"]
[EventRounds "9"]
[EventCountry "TUR"]
[SourceTitle "CBM 209 Extra"]
[Source "ChessBase"]
[SourceDate "2022.09.30"]
[SourceVersion "1"]
[SourceVersionDate "2022.09.30"]
[SourceQuality "1"]
[WhiteTeam "Samandag Altin"]
[BlackTeam "Genc Akademisyenler"]
[WhiteTeamCountry "TUR"]
[BlackTeamCountry "TUR"]

1. e4 c5 2. Nf3 Nf6 3. e5 Nd5 4. Nc3 e6 5. Ne4 Nc6 6. c4 f5 7. cxd5 fxe4 8. dxc6 exf3 9. Qxf3 dxc6 10. Be2 Qd4 11. Qc3 g6 12. d3 Bg7 13. f4 b6 14. Bf3 Bb7 15. Ke2 Rc8 16. Be3 Qxc3 17. bxc3 c4 18. d4 Bf8 19. g4 Rc7 20. Raf1 Ba3 21. f5 exf5 22. gxf5 gxf5 23. Bh5+ Kd8 24. Rxf5 Bc8 25. Bg5+ Be7 26. Bxe7+ Rxe7 27. Rf6 Be6 28. Bf3 Kc7 29. Rg1 Rd8 30. Ke3 b5 31. Rg5 a5 32. a3 c5 0-1